Online Catalogue and eLibrary

Some eminent Tamils : (Record no. 229)

MARC details
000 -LEADER
fixed length control field 00602cam a2200205 a 4500
001 - CONTROL NUMBER
control field 1120934
005 - DATE AND TIME OF LATEST TRANSACTION
control field 20240130030430.0
008 - FIXED-LENGTH DATA ELEMENTS--GENERAL INFORMATION
fixed length control field 930514s1992 ce f000 0ceng
040 ## - CATALOGING SOURCE (பட்டியலாக்க மூலம்)
Original cataloging agency DLC
Transcribing agency DLC
Modifying agency DLC
082 00 - DDC Classification
Class No. 305.8.
Item Number - Author Mark 20
-- SOM.
100 1# - MAIN ENTRY--PERSONAL NAME
Personal name Muttucumaraswamy, V.
245 10 - TITLE STATEMENT
Title Some eminent Tamils :
Remainder of title writers and other leading figures (19th to 20th centuries) /
Statement of responsibility, etc. V. Muttucumaraswamy.
250 ## - EDITION STATEMENT
Edition statement 1st.
260 ## - PUBLICATION, DISTRIBUTION, ETC.
Place of publication, distribution, etc. Colombo
Name of publisher, distributor, etc. Dept. of Hindu Religions & Cultural Affairs,
Date of publication, distribution, etc. 1992.
300 ## - PHYSICAL DESCRIPTION
Extent (e.g. Volumes, Pages etc.) 174 p. ;
650 #0 - SUBJECT ADDED ENTRY--TOPICAL TERM
Topical term or geographic name entry element Authors, Tamil
650 #0 - SUBJECT ADDED ENTRY--TOPICAL TERM
Topical term or geographic name entry element Educators
650 #0 - SUBJECT ADDED ENTRY--TOPICAL TERM
Topical term or geographic name entry element Litterateurs
942 ## - Koha item type (Biblio)
Koha item type Books in Stacks (Lending)
Holdings
Lost status Damaged status Collection code Home library Current library Date acquired Full call number Accession Number Item type
    Lending WERC Library WERC Library 01/30/2024 305.8. 20 1265 Books in Stacks (Lending)

© WERC Library